000 00606nam a2200193 i 4500
003 IT-RoINE
005 20131212132158.0
008 131212s1929 it |||||r|||| 000 0bita d
040 _aIT-RoINE
_cIT-RoINE
100 1 _aCastellino, Francesca
_92050
245 1 3 _aLa mamma di don Bosco /
_cFrancesca Castellino.
260 _aTorino :
_bSociertà Editrice Internazionale,
_c[1929]
300 _a133 p., [6] h. de lám. ;
_c18 cm.
336 _2rdacontent
_atext
337 _2rdamedia
_aunmediated
338 _2rdacarrier
_avolume
600 1 4 _aBosco, Margherita,
_d1788-1856
_xBiografía
_92051
942 _cMTS
999 _c1099
_d1099